00483nam a2200121Ia 4500008004100000245005300041260006300094300002000157650001700177856007500194999001900269952007300288160712s9999 xx 000 0 und d aAlternate Forum for Research in Mindanao (AFRIM) c2011bKasarinlan Philippine Journal of Third World Studies avol. 26 no. 1-2 xINDEPENDENCE uhttp://journals.upd.edu.ph/index.php/kasarinlan/issue/view/331/showToc c297589d297589 001040aCLbCLd2016-07-12l0r2016-07-12 00:00:00w2016-07-12yFEJ